ऐनी बेसंटः (Record no. 18628)

MARC details
000 -LEADER
fixed length control field 04333nam a22004577a 4500
005 - DATE AND TIME OF LATEST TRANSACTION
control field 20081117123210.0
008 - FIXED-LENGTH DATA ELEMENTS--GENERAL INFORMATION
fixed length control field 081117t xxu||||| |||| 00| 0 hin d
010 ## - LCCN (DPL NO)
LC control number HIN-85039
020 ## - INTERNATIONAL STANDARD BOOK NUMBER
Terms of availability 200.00
International Standard Book Number 8170434366
035 ## - SYSTEM CONTROL NUMBER
System control number HN-57385
035 ## - SYSTEM CONTROL NUMBER
System control number B-354451-462
037 ## - SOURCE OF ACQUISITION
Source of stock number/acquisition DBAD / PUB
037 ## - SOURCE OF ACQUISITION
Source of stock number/acquisition आत्माराम एण्ड संस
040 ## - CATALOGING SOURCE
Original cataloging agency DPL
Language of cataloging HN
082 ## - DEWEY DECIMAL CLASSIFICATION NUMBER
Classification number 954.0841
100 ## - MAIN ENTRY--PERSONAL NAME
Personal name गुप्त, आशा
245 ## - TITLE STATEMENT
Title ऐनी बेसंटः
Remainder of title ( लंदन1847-भारत 1933 ) /
Statement of responsibility, etc आशा गुप्त
246 ## - VARYING FORM OF TITLE
Title proper/short title Annie Besant
Remainder of title by Asha Gupta
260 ## - PUBLICATION, DISTRIBUTION, ETC. (IMPRINT)
Place of publication, distribution, etc दिल्ली
Name of publisher, distributor, etc आत्माराम एण्ड संस
Date of publication, distribution, etc 2008
270 ## - ADDRESS
Address 1376,कश्मीरी गेट
City दिल्ली
Postal code 110006
Electronic mail address atmaram_books@hotmail.com
Telephone number 011-23946466, 23973082
300 ## - PHYSICAL DESCRIPTION
Extent 168 पृ
Dimensions 22सेमी (सजिल्द)
650 ## - SUBJECT ADDED ENTRY--TOPICAL TERM
Topical term or geographic name as entry element राष्टवाद
General subdivision इतिहास
Geographic subdivision भारत
650 ## - SUBJECT ADDED ENTRY--TOPICAL TERM
Topical term or geographic name as entry element Nationalism
General subdivision History
Geographic subdivision India
651 ## - SUBJECT ADDED ENTRY--GEOGRAPHIC NAME
Geographic name भारत
General subdivision राजनीति और सरकार
Chronological subdivision 1847-1933
651 ## - SUBJECT ADDED ENTRY--GEOGRAPHIC NAME
Geographic name India
General subdivision Politics and governments
Chronological subdivision 1847-1933
942 ## - ADDED ENTRY ELEMENTS (KOHA)
Source of classification or shelving scheme Dewey Decimal Classification
Item type Hindi Books
Call number suffix गुप्तआ
Classification part 954.0841
Holdings
Withdrawn status Lost status Source of classification or shelving scheme Damaged status Not for loan Home library Current library Date acquired Cost, normal purchase price Total Checkouts Full call number Barcode Date last seen Copy number Cost, replacement price Koha item type Collection code Source of acquisition Checked out Total Renewals
  Written-off vide DLB M. No. 383 dt 16.05.19 Dewey Decimal Classification     Central Library Central Library 26/10/2009 250.00   954.0841 गुप्तआ B-354451 26/10/2009 1 250.00 Hindi Books Non-fiction HS/71/09/14.7.09/26//11.7.09/31.7.09    
    Dewey Decimal Classification   Not For Loan D.B.Act.Division D.B.Act.Division 01/12/2008 200.00   954.0841 गुप्तआ HN-57385 18/11/2008 1 200.00 Hindi Books        
    Dewey Decimal Classification     Jagrati Enclave Jagrati Enclave 26/10/2009 250.00   954.0841 गुप्तआ B-354462 26/10/2009 1 250.00 Hindi Books Non-fiction HS/71/09/14.7.09/26//11.7.09/31.7.09    
    Dewey Decimal Classification     Janak Puri Janak Puri 26/10/2009 250.00 4 954.0841 गुप्तआ B-354455 06/06/2023 1 250.00 Hindi Books Non-fiction HS/71/09/14.7.09/26//11.7.09/31.7.09   1
    Dewey Decimal Classification     Karol Bagh Karol Bagh 26/10/2009 250.00   954.0841 गुप्तआ B-354458 26/10/2009 1 250.00 Hindi Books Non-fiction HS/71/09/14.7.09/26//11.7.09/31.7.09    
    Dewey Decimal Classification     Mobile Library Mobile Library 26/10/2009 250.00   954.0841 गुप्तआ B-354452 26/10/2009 2 250.00 Hindi Books Non-fiction HS/71/09/14.7.09/26//11.7.09/31.7.09    
    Dewey Decimal Classification     Mobile Library Mobile Library 26/10/2009 250.00 1 954.0841 गुप्तआ B-354453 13/02/2018 2 250.00 Hindi Books Non-fiction HS/71/09/14.7.09/26//11.7.09/31.7.09 30/06/2045  
    Dewey Decimal Classification     Patel Nagar Patel Nagar 26/10/2009 250.00   954.0841 गुप्तआ B-354454 26/10/2009 1 250.00 Hindi Books Non-fiction HS/71/09/14.7.09/26//11.7.09/31.7.09    
    Dewey Decimal Classification     Sarojini Nagar Sarojini Nagar 26/10/2009 250.00   954.0841 गुप्तआ B-354456 26/10/2009 1 250.00 Hindi Books Non-fiction HS/71/09/14.7.09/26//11.7.09/31.7.09    
    Dewey Decimal Classification     Shahdara Branch Shahdara Branch 26/10/2009 250.00   954.0841 गुप्तआ B-354459 26/10/2009 1 250.00 Hindi Books Non-fiction HS/71/09/14.7.09/26//11.7.09/31.7.09    
    Dewey Decimal Classification     Vigyan Vihar Vigyan Vihar 26/10/2009 250.00   954.0841 गुप्तआ B-354461 26/10/2009 1 250.00 Hindi Books Non-fiction HS/71/09/14.7.09/26//11.7.09/31.7.09    
    Dewey Decimal Classification     Vinoba Puri Vinoba Puri 26/10/2009 250.00 1 954.0841 गुप्तआ B-354457 05/05/2016 1 250.00 Hindi Books Non-fiction HS/71/09/14.7.09/26//11.7.09/31.7.09    
    Dewey Decimal Classification     Yojana Vihar Yojana Vihar 26/10/2009 250.00   954.0841 गुप्तआ B-354460 26/10/2009 1 250.00 Hindi Books Non-fiction HS/71/09/14.7.09/26//11.7.09/31.7.09    

© Delhi Public Library
Hit Counter
free hit counter